[Event "London CSC Weekend U2050 op 10th"]
[Site "London"]
[Date "2018.12.16"]
[Round "5"]
[White "Weiss, Olivier"]
[Black "Palhas, Miguel Branco"]
[Result "1-0"]
[WhiteElo "1784"]
[BlackElo "1412"]
[PlyCount "119"]
[EventDate "2018.12.14"]
[EventType "swiss"]
[EventRounds "5"]
[EventCountry "ENG"]
[SourceTitle "EXT 2020"]
[Source "ChessBase"]
[SourceDate "2019.10.17"]
[SourceVersion "1"]
[SourceVersionDate "2019.10.17"]
[SourceQuality "1"]

1. d4 Nf6 2. c4 e6 3. Nc3 Bb4 4. e3 b6 5. Nge2 Bb7 6. a3 Bxc3+ 7. Nxc3 0-0 8. Qc2 c5 9. b3 d6 10. Bb2 Nbd7 11. f3 Qe7 12. Bd3 h6 13. 0-0 d5 14. Rae1 Rac8 15. Qf2 Nh5 16. cxd5 exd5 17. e4 Nf4 18. Bb1 Qg5 19. Kh1 cxd4 20. Nxd5 Bxd5 21. exd5 Rfe8 22. g3 Nxd5 23. Qxd4 N7f6 24. f4 Qg4 25. Qd3 Ne7 26. Bxf6 gxf6 27. Qh7+ Kf8 28. Qxh6+ Qg7 29. Qh3 Rc3 30. Qd7 Qh6 31. Bd3 Qh5 32. Bb5 Rc2 33. h3 Rcc8 34. Rxe7 Rxe7 35. Qxc8+ Kg7 36. Qg4+ Qxg4 37. hxg4 Re3 38. Bc4 Rxg3 39. Rg1 Rc3 40. Kg2 b5 41. Bxb5 Rxb3 42. a4 Rb4 43. Kf3 a6 44. Be8 Kf8 45. Re1 Rb3+ 46. Kg2 Rb7 47. Re4 Re7 48. Rxe7 Kxe7 49. Bc6 Kd6 50. Bb7 a5 51. Kf3 Ke6 52. Ke4 f5+ 53. gxf5+ Kf6 54. Bd5 Ke7 55. Kd4 f6 56. Kc5 Kd7 57. Kb6 Kd6 58. Be6 Ke7 59. Kxa5 Kd6 60. Kb6 1-0

[Event "Guimaraes 2nd"]
[Site "Guimaraes"]
[Date "2018.10.06"]
[Round "4"]
[White "Pipiras, Filipa Fortuna"]
[Black "Palhas, Miguel Branco"]
[Result "1-0"]
[WhiteElo "1853"]
[BlackElo "1369"]
[PlyCount "33"]
[EventDate "2018.10.04"]
[EventType "swiss"]
[EventRounds "7"]
[EventCountry "POR"]
[SourceTitle "CBM 186 Extra"]
[Source "ChessBase"]
[SourceDate "2018.08.24"]
[SourceVersion "1"]
[SourceVersionDate "2018.08.24"]
[SourceQuality "1"]

1. d4 d5 2. c4 c6 3. cxd5 cxd5 4. Nc3 Nf6 5. Nf3 e6 6. Bf4 Bb4 7. e3 0-0 8. Bd3 Qa5 9. Qb3 Nbd7 10. 0-0 Bxc3 11. bxc3 Nb6 12. Bd6 Re8 13. a4 Nc4 14. Bxc4 dxc4 15. Qxc4 Bd7 16. Bb4 Rac8 17. Qxc8 1-0

[Event "Famalicao op 6th"]
[Site "Famalicao"]
[Date "2018.08.03"]
[Round "8"]
[White "Palhas, Miguel Branco"]
[Black "Pacheco, Joao Daniel Barbosa"]
[Result "0-1"]
[WhiteElo "1373"]
[BlackElo "1159"]
[PlyCount "104"]
[EventDate "2018.07.29"]
[EventType "swiss"]
[EventRounds "9"]
[EventCountry "POR"]
[SourceTitle "CBM 185 Extra"]
[Source "ChessBase"]
[SourceDate "2018.07.29"]
[SourceVersion "1"]
[SourceVersionDate "2018.07.29"]
[SourceQuality "1"]

1. e4 e6 2. d4 d5 3. exd5 exd5 4. Nf3 Nf6 5. Bf4 Bf5 6. Nbd2 c6 7. c3 Nbd7 8. Qb3 Nb6 9. Ne5 Bd6 10. a4 a5 11. Be2 0-0 12. 0-0 Ne4 13. Nxe4 Bxe4 14. f3 Bf5 15. Rac1 f6 16. Nxc6 bxc6 17. Bxd6 Re8 18. Rfe1 Nxa4 19. Qxa4 Qxd6 20. c4 Kh8 21. cxd5 cxd5 22. Bb5 Rxe1+ 23. Rxe1 Qb4 24. Qxb4 axb4 25. Re8+ Rxe8 26. Bxe8 Kg8 27. Kf2 Kf8 28. Bc6 Be6 29. Ke3 Ke7 30. g4 Kd6 31. Ba8 Kc7 32. h3 Bf7 33. Kf4 Kb6 34. b3 Kc7 35. h4 Kd6 36. h5 g6 37. h6 Ke6 38. g5 fxg5+ 39. Kxg5 Be8 40. Bxd5+ Kxd5 41. Kf6 Bc6 42. Kg7 Ke6 43. Kxh7 Kf7 44. f4 Be4 45. Kh8 Bc2 46. d5 Bxb3 47. d6 Be6 48. f5 b3 49. h7 b2 50. fxg6+ Kxg6 51. d7 Bxd7 52. Kg8 b1Q 0-1